Development, crises and alternative visions : (Record no. 3216)

MARC details
000 -LEADER
fixed length control field 00602nam a2200205 4500
003 - CONTROL NUMBER IDENTIFIER
control field OSt
005 - DATE AND TIME OF LATEST TRANSACTION
control field 20160309164935.0
008 - FIXED-LENGTH DATA ELEMENTS--GENERAL INFORMATION
fixed length control field 160309b xxu||||| |||| 00| 0 eng d
020 ## - INTERNATIONAL STANDARD BOOK NUMBER
International Standard Book Number 185383003
040 ## - CATALOGING SOURCE
Transcribing agency 040a
082 ## - DEWEY DECIMAL CLASSIFICATION NUMBER
Classification number 305.42
Item number SEN 1987
100 ## - MAIN ENTRY--PERSONAL NAME
Personal name Sen, Gita
9 (RLIN) 7214
245 ## - TITLE STATEMENT
Title Development, crises and alternative visions :
Remainder of title third world women's perspectives /
Statement of responsibility, etc. Gita Sen, Caren Grown
260 ## - PUBLICATION, DISTRIBUTION, ETC. (IMPRINT)
Place of publication, distribution, etc. London
Name of publisher, distributor, etc. Earthscan publications
Date of publication, distribution, etc. 1987
300 ## - PHYSICAL DESCRIPTION
Extent 120p :
Dimensions 8 cm
504 ## - BIBLIOGRAPHY, ETC. NOTE
Bibliography, etc Includes index
650 ## - SUBJECT ADDED ENTRY--TOPICAL TERM
Topical term or geographic name as entry element Developing countries
9 (RLIN) 1180
700 ## - ADDED ENTRY--PERSONAL NAME
Personal name Grown, Caren
9 (RLIN) 7215
942 ## - ADDED ENTRY ELEMENTS (KOHA)
Source of classification or shelving scheme Dewey Decimal Classification
Koha item type Short Loan
Holdings
Withdrawn status Lost status Source of classification or shelving scheme Damaged status Not for loan Home library Current library Date acquired Inventory number Total Checkouts Full call number Barcode Date last seen Price effective from Koha item type
    Dewey Decimal Classification     MUST Main Library MUST Main Library 09/03/2016 2004/20694   305.42 SEN 1987 2016-0403 09/03/2016 09/03/2016 Short Loan
    Dewey Decimal Classification     MUST Main Library MUST Main Library 13/05/2016 2004/20698   305.42 SEN 1987 2016-1878 13/05/2016 13/05/2016 Short Loan
    Dewey Decimal Classification     MUST Main Library MUST Main Library 13/05/2016 2004/21796   305.42 SEN 1987 2016-1879 13/05/2016 13/05/2016 Short Loan